[Event "Stay Safe Play From Home 267"]
[Site "Emanuel Lasker Arena"]
[Date "2020.06.30"]
[Round "7"]
[White "Tunca"]
[Black "matanant"]
[Result "1-0"]
[WhiteElo "1793"]
[BlackElo "1715"]
[Annotator "NA RC"]
[PlyCount "149"]
[EventDate "2020.06.30"]
[EventType "swiss (blitz)"]

1. e4 {[%emt 0:00:02]} e5 {[%emt 0:00:02]} 2. Nf3 {[%emt 0:00:03]} d5 {[%emt 0:00:03]} 3. exd5 {[%emt 0:00:01]} e4 {[%emt 0:00:06]} 4. Ne5 {[%emt 0:00:02]} Qxd5 {[%emt 0:00:03]} 5. d4 {[%emt 0:00:00]} exd3 {[%emt 0:00:02]} 6. Nxd3 {[%emt 0:00:02]} Nf6 {[%emt 0:00:02]} 7. Nc3 {[%emt 0:00:05]} Qd8 {[%emt 0:00:01]} 8. Be2 {[%emt 0:00:03]} Be7 {[%emt 0:00:01]} 9. Bf3 {[%emt 0:00:04]} O-O {[%emt 0:00:00]} 10. O-O {[%emt 0:00:01]} c6 {[%emt 0:00:00]} 11. Bf4 {[%emt 0:00:02]} Be6 {[%emt 0:00:13]} 12. Qe2 {[%emt 0:00:14]} Re8 {[%emt 0:00:04]} 13. Rfe1 {[%emt 0:00:03]} Nbd7 {[%emt 0:00:03]} 14. Rad1 {[%emt 0:00:05]} Qc8 {[%emt 0:00:02]} 15. h3 {[%emt 0:00:12]} Nb6 {[%emt 0:00:02]} 16. Ne5 {[%emt 0:00:34]} Nfd5 {[%emt 0:00:09]} 17. Nxd5 {[%emt 0:00:05]} Nxd5 {[%emt 0:00:01]} 18. Bg3 {[%emt 0:00:03]} Bf6 {[%emt 0:00:09]} 19. c4 {[%emt 0:00:13]} Ne7 {[%emt 0:00:11]} 20. Ng4 {[%emt 0:00:11]} Bg5 {[%emt 0:00:50]} 21. h4 {[%emt 0:00:06]} Bxg4 {[%emt 0:00:12]} 22. Bxg4 {[%emt 0:00:02]} f5 {[%emt 0:00:01]} 23. Bh5 {[%emt 0:00:16]} Bf6 {[%emt 0:00:19]} 24. Bxe8 {[%emt 0:00:02]} Qxe8 {[%emt 0:00:01]} 25. Bd6 {[%emt 0:00:07]} Rd8 {[%emt 0:00:15]} 26. Qe6+ {[%emt 0:00:27]} Kf8 {[%emt 0:00:05]} 27. h5 {[%emt 0:00:08]} Rd7 {[%emt 0:00:19]} 28. h6 {[%emt 0:00:04]} b6 {[%emt 0:00:12]} 29. hxg7+ {[%emt 0:00:11]} Kxg7 {[%emt 0:00:01]} 30. Rd3 {[%emt 0:00:08]} f4 {[%emt 0:00:27]} 31. Qg4+ {[%emt 0:00:13]} Kf8 {[%emt 0:00:01]} 32. Qxf4 {[%emt 0:00:01]} Qg6 {[%emt 0:00:02]} 33. Bxe7+ {[%emt 0:00:04]} Rxe7 {[%emt 0:00:02]} 34. Rd8+ {[%emt 0:00:05]} Kf7 {[%emt 0:00:01]} 35. Rxe7+ {[%emt 0:00:02]} Kxe7 {[%emt 0:00:01]} 36. Qc7+ {[%emt 0:00:01]} Ke6 {[%emt 0:00:02]} 37. Rd6+ {[%emt 0:00:03]} Kf5 {[%emt 0:00:00]} 38. Qd7+ {[%emt 0:00:02]} Kg5 {[%emt 0:00:01]} 39. Qxc6 {[%emt 0:00:05]} Qb1+ {[%emt 0:00:04]} 40. Kh2 {[%emt 0:00:00]} Be5+ {[%emt 0:00:01]} 41. g3 {[%emt 0:00:03]} Bxd6 {[%emt 0:00:00]} 42. Qxd6 {[%emt 0:00:00]} Qxb2 {[%emt 0:00:00]} 43. Qd5+ {[%emt 0:00:01]} Kg6 {[%emt 0:00:01]} 44. Qe6+ {[%emt 0:00:03]} Kg7 {[%emt 0:00:02]} 45. Qe7+ {[%emt 0:00:02]} Kg6 {[%emt 0:00:01]} 46. Qe6+ {[%emt 0:00:02]} Kg7 {[%emt 0:00:01]} 47. Qg4+ {[%emt 0:00:01]} Kf7 {[%emt 0:00:02]} 48. Qf4+ {[%emt 0:00:03]} Kg6 {[%emt 0:00:01]} 49. a4 {[%emt 0:00:05]} Qc2 {[%emt 0:00:03]} 50. Qd6+ {[%emt 0:00:02]} Kg7 {[%emt 0:00:05]} 51. Qe7+ {[%emt 0:00:03]} Kg6 {[%emt 0:00:01]} 52. Qe8+ {[%emt 0:00:01]} Kg7 {[%emt 0:00:01]} 53. Qd7+ {[%emt 0:00:02]} Kg6 {[%emt 0:00:01]} 54. Qd6+ {[%emt 0:00:02]} Kf7 {[%emt 0:00:01]} 55. Qd5+ {[%emt 0:00:02]} Kf6 {[%emt 0:00:01]} 56. Qd4+ {[%emt 0:00:01]} Kg6 {[%emt 0:00:01]} 57. Qg4+ {[%emt 0:00:03]} Kf6 {[%emt 0:00:01]} 58. Qh4+ {[%emt 0:00:03]} Kg7 {[%emt 0:00:01]} 59. Qg5+ {[%emt 0:00:01]} Kf7 {[%emt 0:00:01]} 60. Qh5+ {[%emt 0:00:02]} Ke7 {[%emt 0:00:01]} 61. Qe5+ {[%emt 0:00:02]} Kd7 {[%emt 0:00:01]} 62. Qg7+ {[%emt 0:00:01]} Kc6 {[%emt 0:00:01]} 63. Qf6+ {[%emt 0:00:01]} Kc5 {[%emt 0:00:01]} 64. Qe7+ {[%emt 0:00:05]} Kxc4 {[%emt 0:00:02]} 65. Qxa7 {[%emt 0:00:01]} Qxf2+ {[%emt 0:00:02]} 66. Kh3 {[%emt 0:00:00]} Qf5+ {[%emt 0:00:01]} 67. Kg2 {[%emt 0:00:01]} Kc5 {[%emt 0:00:01]} 68. Qe7+ {[%emt 0:00:02]} Kc4 {[%emt 0:00:01]} 69. Qc7+ {[%emt 0:00:03]} Kd5 {[%emt 0:00:04]} 70. Qxb6 {[%emt 0:00:02]} Qc2+ {[%emt 0:00:01]} 71. Kh3 {[%emt 0:00:01]} Qf5+ {[%emt 0:00:02]} 72. g4 {[%emt 0:00:01]} Qf3+ {[%emt 0:00:02]} 73. Kh4 {[%emt 0:00:00]} Qf7 {[%emt 0:00:15]} 74. Qb3+ {[%emt 0:00:03]} Kd4 {[%emt 0:00:01]} 75. Qxf7 {[%emt 0:00:00] matanant resigns (Lag: Av=0.80s, max=4.4s)} 1-0

[Event "Stay Safe Play From Home 267"]
[Site "Emanuel Lasker Arena"]
[Date "2020.06.30"]
[Round "7"]
[White "Klasman"]
[Black "Haris kollari 13"]
[Result "0-1"]
[WhiteElo "1656"]
[BlackElo "1918"]
[Annotator "NA"]
[PlyCount "40"]
[EventDate "2020.06.30"]
[EventType "swiss (blitz)"]

1. f4 {[%emt 0:00:56]} b6 {[%emt 0:00:03]} 2. e4 {[%emt 0:00:02]} Bb7 {[%emt 0:00:01]} 3. Nc3 {[%emt 0:00:02]} g6 {[%emt 0:00:02]} 4. d4 {[%emt 0:00:01]} Bg7 {[%emt 0:00:01]} 5. Be3 {[%emt 0:00:03]} d6 {[%emt 0:00:02]} 6. Nf3 {[%emt 0:00:01]} c5 {[%emt 0:00:02]} 7. Be2 {[%emt 0:00:07]} cxd4 {[%emt 0:00:10]} 8. Bxd4 {[%emt 0:00:03]} Nf6 {[%emt 0:00:01]} 9. Bxf6 {[%emt 0:00:11]} Bxf6 {[%emt 0:00:01]} 10. e5 {[%emt 0:00:03]} dxe5 {[%emt 0:00:01]} 11. Qxd8+ {[%emt 0:00:03]} Kxd8 {[%emt 0:00:01]} 12. fxe5 {[%emt 0:00:06]} Bg7 {[%emt 0:00:01]} 13. O-O-O+ {[%emt 0:00:06]} Ke8 {[%emt 0:00:01]} 14. Bb5+ {[%emt 0:00:06]} Bc6 {[%emt 0:00:06]} 15. Rd3 {[%emt 0:00:36]} a6 {[%emt 0:00:03]} 16. Rhd1 {[%emt 0:00:19]} e6 {[%emt 0:00:13]} 17. Bxc6+ {[%emt 0:00:22]} Nxc6 {[%emt 0:00:01]} 18. Ne4 {[%emt 0:00:13]} Bxe5 {[%emt 0:00:15]} 19. Nxe5 {[%emt 0:00:07]} Nxe5 {[%emt 0:00:01]} 20. Nd6+ {[%emt 0:00:02]} Ke7 {[%emt 0:00:01] Time (Lag: Av=0.38s, max=0.5s)} 0-1

[Event "Stay Safe Play From Home 267"]
[Site "Emanuel Lasker Arena"]
[Date "2020.06.30"]
[Round "7"]
[White "Timbre"]
[Black "Erdema"]
[Result "1/2-1/2"]
[WhiteElo "1646"]
[BlackElo "1628"]
[Annotator "NA RC"]
[PlyCount "70"]
[EventDate "2020.06.30"]
[EventType "swiss (blitz)"]

1. d4 {[%emt 0:00:15]} d5 {[%emt 0:00:02]} 2. Nf3 {[%emt 0:00:01]} Nc6 {[%emt 0:00:02]} 3. c3 {[%emt 0:00:01]} a6 {[%emt 0:00:02]} 4. Bf4 {[%emt 0:00:02]} Nf6 {[%emt 0:00:04]} 5. e3 {[%emt 0:00:01]} e6 {[%emt 0:00:01]} 6. h3 {[%emt 0:00:01]} Bd6 {[%emt 0:00:01]} 7. Bxd6 {[%emt 0:00:02]} cxd6 {[%emt 0:00:01]} 8. Bd3 {[%emt 0:00:01]} e5 {[%emt 0:00:04]} 9. dxe5 {[%emt 0:00:02]} dxe5 {[%emt 0:00:02]} 10. Be2 {[%emt 0:00:03]} e4 {[%emt 0:00:03]} 11. Nd4 {[%emt 0:00:02]} Nxd4 {[%emt 0:00:02]} 12. cxd4 {[%emt 0:00:02]} O-O {[%emt 0:00:03]} 13. Nc3 {[%emt 0:00:01]} b5 {[%emt 0:00:05]} 14. a3 {[%emt 0:00:02]} Be6 {[%emt 0:00:04]} 15. O-O {[%emt 0:00:02]} Rc8 {[%emt 0:00:02]} 16. Na2 {[%emt 0:00:06]} Bd7 {[%emt 0:00:09]} 17. Nb4 {[%emt 0:00:03]} a5 {[%emt 0:00:02]} 18. Na2 {[%emt 0:00:05]} Be6 {[%emt 0:00:08]} 19. Nc3 {[%emt 0:00:02]} b4 {[%emt 0:00:02]} 20. axb4 {[%emt 0:00:02]} axb4 {[%emt 0:00:02]} 21. Na4 {[%emt 0:00:02]} Ra8 {[%emt 0:00:04]} 22. Nc5 {[%emt 0:00:02]} Rxa1 {[%emt 0:00:04]} 23. Qxa1 {[%emt 0:00:01]} Qa8 {[%emt 0:00:02]} 24. Qb1 {[%emt 0:00:03]} Nd7 {[%emt 0:00:09]} 25. Nxd7 {[%emt 0:00:04]} Bxd7 {[%emt 0:00:03]} 26. Qd1 {[%emt 0:00:03]} Rc8 {[%emt 0:00:06]} 27. Bg4 {[%emt 0:00:03]} Bxg4 {[%emt 0:00:04]} 28. Qxg4 {[%emt 0:00:02]} g6 {[%emt 0:00:05]} 29. f3 {[%emt 0:00:02]} exf3 {[%emt 0:00:05]} 30. Qxf3 {[%emt 0:00:02]} Qb7 {[%emt 0:00:08]} 31. Qf6 {[%emt 0:00:04]} Rc2 {[%emt 0:00:03]} 32. Qd8+ {[%emt 0:00:04]} Kg7 {[%emt 0:00:05]} 33. Qf6+ {[%emt 0:00:01]} Kg8 {[%emt 0:00:03]} 34. Qd8+ {[%emt 0:00:02]} Kg7 {[%emt 0:00:02]} 35. Qf6+ {[%emt 0:00:01]} Kg8 {[%emt 0:00:06] (Lag: Av=0.47s, max=0.7s)} 1/2-1/2